000
00294nam a22001217a 4500
999
_c
534280
_d
534280
040
_c
MSOHAIL
082
_a
910.4
100
_a
Mustansar Hussain Tarar
_9
9703
245
_a
Hunza Dastan / ہنزہ داستان
260
_a
Lahore
_b
Sang-e-Meel
_c
c2009
300
_a
295;pxv
942
_2
ddc
_c
BK